[Event "13th S&WYM"]
[Site "Millfield School ENG"]
[Date "2003.07.16"]
[Round "8"]
[White "Palliser,R"]
[Black "Pinter,G"]
[Result "1-0"]
[WhiteElo "2438"]
[BlackElo "2376"]
[EventDate "2003.07.09"]

1. d4 d5 2. c4 c6 3. Nf3 Nf6 4. e3 a6 5. Nc3 b5 6. b3 Bg4 7. h3 Bh5 8. g4
Bg6 9. Ne5 b4 10. Ne2 e6 11. Nf4 Nbd7 12. Bg2 Nxe5 13. dxe5 Ne4 14. h4 Nc3
15. Qd2 Nb1 16. Qb2 Na3 17. h5 Be4 18. f3 Bc2 19. Qd4 dxc4 20. Bxa3 Qxd4
21. exd4 bxa3 22. bxc4 Bb4+ 23. Ke2 Ke7 24. Rac1 Ba4 25. Nd3 Rab8 26. f4
Rhd8 27. Ke3 Ba5 28. Be4 Rb2 29. Nxb2 axb2 30. Rb1 Bc3 31. Bxh7 Rxd4 32.
Bd3 c5 33. g5 Rd8 34. h6 gxh6 35. gxh6 f6 36. exf6+ Bxf6 37. h7 Bh8 38. Ke2
Be8 39. Rhg1 Bf7 40. Rg5 Kf6 41. Rbg1 1-0

[Event "13th S&WYM"]
[Site "Millfield School ENG"]
[Date "2003.07.16"]
[Round "8"]
[White "Nixon,T"]
[Black "Buckley,M"]
[Result "1/2-1/2"]
[WhiteElo "2226"]
[BlackElo "2130"]
[EventDate "2003.07.09"]

1. d4 Nf6 2. c4 e6 3. Nf3 d5 4. Nc3 dxc4 5. e4 Bb4 6. Bg5 c5 7. e5 cxd4 8.
exf6 gxf6 9. Bh4 Nc6 10. Nxd4 Nxd4 11. Bxc4 Be7 12. O-O a6 13. Qg4 Nf5 14.
Rfd1 Bd7 15. Bg3 Nxg3 16. Qxg3 Qa5 17. Qg7 Rf8 18. Qxh7 O-O-O 19. Qc2 Bc6
20. Ne4 f5 21. b4 1/2-1/2

[Event "13th S&WYM"]
[Site "Millfield School ENG"]
[Date "2003.07.17"]
[Round "9"]
[White "Prokopchuk,E"]
[Black "Broomfield,M"]
[Result "1/2-1/2"]
[WhiteElo "2504"]
[BlackElo "2249"]
[EventDate "2003.07.09"]

1. d4 Nf6 2. c4 e6 3. Nc3 Bb4 4. g3 O-O 5. Bg2 d5 6. Nf3 dxc4 7. O-O c5 8.
dxc5 Qe7 9. Bg5 Nbd7 10. c6 bxc6 11. Nd4 Bb7 12. Nxc6 Bxc6 13. Bxc6 Rab8
14. Bg2 Rfd8 15. Qc2 h6 16. Bf4 e5 17. Bd2 Nc5 18. Rad1 Ne6 19. e3 Nc5 20.
a3 Bxc3 21. Bxc3 Qe6 22. Rxd8+ Rxd8 23. Rd1 Nd3 24. h3 Rb8 25. Kh2 h5 26.
Qe2 h4 27. e4 hxg3+ 28. fxg3 Rb3 29. Rd2 Nd7 30. Qe3 Qb6 31. Qg5 N7c5 32.
Qe7 Qb8 33. Bb4 Ne6 34. Bd6 Qb6 35. Qe8+ Kh7 36. Be7 Qe3 37. Qxf7 Qxd2 38.
Qf5+ Kh8 39. Qxe6 Qf2 40. Qc8+ Kh7 41. Qg4 Qf7 42. Bb4 Nxb4 43. axb4 Qg6
44. Qh4+ Qh6 45. Qg4 Rxb2 46. Qf5+ Qg6 47. Qxe5 Rb3 48. h4 Re3 49. Qf4 Re2
50. Qf3 Rd2 51. e5 Qd3 52. Qh5+ Kg8 53. Qe8+ 1/2-1/2

[Event "13th S&WYM"]
[Site "Millfield School ENG"]
[Date "2003.07.17"]
[Round "9"]
[White "Hanley,C"]
[Black "Sinkevich,P"]
[Result "1/2-1/2"]
[WhiteElo "2387"]
[BlackElo "2313"]
[EventDate "2003.07.09"]

1. e4 e5 2. Nf3 Nc6 3. Bb5 a6 4. Ba4 Nf6 5. O-O Nxe4 6. d4 b5 7. Bb3 d5 8.
dxe5 Be6 9. Nbd2 Bc5 10. Qe1 Nxd2 11. Bxd2 O-O 12. Rd1 Qd7 13. Be3 Be7 14.
c3 Rfd8 15. Nd4 Na5 16. Bc2 Nc4 17. Bc1 c5 1/2-1/2

[Event "13th S&WYM"]
[Site "Millfield School ENG"]
[Date "2003.07.17"]
[Round "9"]
[White "Mah,K"]
[Black "Antal,Ge"]
[Result "1/2-1/2"]
[WhiteElo "2418"]
[BlackElo "2475"]
[EventDate "2003.07.09"]

1. c4 Nf6 2. g3 g6 3. Bg2 Bg7 4. Nc3 e5 5. e4 O-O 6. Nge2 d6 7. O-O Be6 8.
b3 Qd7 9. d4 exd4 10. Nxd4 Bh3 11. Rb1 Nc6 12. Bb2 h5 13. Re1 Bxg2 14. Kxg2
h4 15. Nd5 h3+ 16. Kg1 Nxd5 17. exd5 Nxd4 18. Bxd4 Bxd4 19. Qxd4 Rfe8 20.
Qh4 Qf5 21. g4 Qd3 22. Qg3 Qd2 23. Kf1 Qxa2 24. Qxh3 Qc2 25. Qf3 a5 26.
Rec1 Qd2 27. Rd1 Qg5 28. Ra1 b6 29. Re1 Re5 30. Rxe5 Qxe5 31. Re1 Qg5 32.
h3 Kg7 33. Qc3+ Qf6 34. Qd3 a4 35. bxa4 Rxa4 36. Kg2 Ra2 37. Re2 Ra1 38.
Qe3 Rd1 39. Rd2 Rc1 40. Rd4 Qe5 41. Qxc1 Qxd4 42. Kg3 Qd3+ 43. f3 Kg8 44.
h4 Qd4 45. h5 Qe5+ 46. f4 Qd4 47. hxg6 fxg6 48. Qe1 1/2-1/2

[Event "13th S&WYM"]
[Site "Millfield School ENG"]
[Date "2003.07.17"]
[Round "9"]
[White "Jones,G"]
[Black "Dvorak,T"]
[Result "1/2-1/2"]
[WhiteElo "2347"]
[BlackElo "2319"]
[EventDate "2003.07.09"]

1. e4 c5 2. Nf3 d6 3. c3 Nf6 4. Be2 Nbd7 5. d3 b6 6. O-O Bb7 7. Nbd2 g6 8.
d4 cxd4 9. cxd4 Bg7 10. e5 dxe5 11. dxe5 Nd5 12. e6 fxe6 13. Ng5 Nc7 14.
Qc2 O-O 15. h4 Nf6 16. h5 gxh5 17. Ndf3 h6 18. Rd1 Qc8 19. Nh3 Ncd5 20. Qd3
Nb4 21. Qb3 Nc2 22. Rb1 Bd5 23. Qa4 Be4 24. Bf4 Qe8 25. Qc4 Rc8 26. Qxe6+
Qf7 27. Qxf7+ Kxf7 28. Ne5+ Kg8 29. Bc4+ Kh7 30. f3 Bf5 31. Rbc1 Nb4 32. a3
b5 33. Bxb5 Nbd5 34. Bd3 Bxd3 35. Nxd3 Rfd8 36. Bd2 Nb6 37. Rxc8 Rxc8 38.
Nhf4 Nfd5 39. Nxd5 Nxd5 40. Nb4 Nxb4 41. Bxb4 Rc2 42. Rd7 Rxb2 43. Rxe7
Rb1+ 44. Kh2 Kg6 45. Rxa7 Be5+ 46. f4 1/2-1/2

[Event "13th S&WYM"]
[Site "Millfield School ENG"]
[Date "2003.07.17"]
[Round "9"]
[White "Dearing,E"]
[Black "Trent,L"]
[Result "1/2-1/2"]
[WhiteElo "2367"]
[BlackElo "2299"]
[EventDate "2003.07.09"]

1. c4 g6 2. Nc3 Bg7 3. g3 e5 4. Bg2 d6 5. e4 Nc6 6. Nge2 f5 7. d3 Nf6 8.
O-O O-O 9. Nd5 Ne7 10. Nxf6+ Bxf6 11. Bh6 Rf7 12. Qd2 c6 13. Rad1 Be6 14.
b3 d5 15. exd5 cxd5 16. Bg5 Bxg5 17. Qxg5 Nc6 18. Qxd8+ Rxd8 19. Nc3 dxc4
20. Bxc6 bxc6 21. dxc4 Rfd7 22. Rde1 e4 23. f3 Rd2 24. fxe4 Rc2 25. exf5
Rdd2 26. Re2 Rxe2 27. Nxe2 Bxf5 28. Nd4 Rxa2 29. Nxf5 gxf5 30. Rxf5 Rb2 31.
Rg5+ Kh8 32. Rc5 Rxb3 33. Rxc6 a5 34. Kg2 Rc3 35. Ra6 Rxc4 36. Rxa5 Kg7 37.
Ra6 h5 38. Kh3 Rb4 39. Re6 Ra4 40. Re2 Kg6 41. Rb2 Kg5 42. Kg2 h4 43. Rb5+
Kg6 44. Kh3 hxg3 45. hxg3 Rc4 46. Rb6+ Kg5 47. Rb8 Rc7 48. Rb5+ Kg6 49. Kh4
Rh7+ 50. Kg4 Rc7 51. Rb6+ Kg7 52. Kh4 Rc4+ 53. g4 Rc5 54. Rb7+ Kg6 55. Rb8
Ra5 56. Rg8+ Kf7 57. Rh8 Kg6 58. Rb8 Rc5 59. Rb4 Ra5 60. g5 Ra1 61. Rb6+
Kg7 62. Rb3 Rh1+ 63. Rh3 Rxh3+ 64. Kxh3 Kg6 65. Kg4 Kg7 66. Kf5 Kf7 67. g6+
Kg7 68. Kg5 Kg8 69. Kg4 Kg7 70. Kg5 Kg8 71. Kf6 Kf8 72. Ke6 Kg7 73. Kf5 Kg8
74. Kf6 Kf8 75. g7+ Kg8 76. Kg6 1/2-1/2

[Event "13th S&WYM"]
[Site "Millfield School ENG"]
[Date "2003.07.17"]
[Round "9"]
[White "Haslinger,S"]
[Black "Addison,B"]
[Result "1/2-1/2"]
[WhiteElo "2414"]
[BlackElo "2251"]
[EventDate "2003.07.09"]

1. e4 e5 2. Nf3 Nc6 3. d4 exd4 4. Nxd4 Nf6 5. Nxc6 bxc6 6. e5 Qe7 7. Qe2
Nd5 8. c4 Ba6 9. b3 g6 10. f4 Qb4+ 11. Bd2 Qb6 12. Qe4 f5 13. Qf3 Qd4 14.
Nc3 Nxc3 15. Qxc3 Qe4+ 16. Qe3 d5 17. exd6 cxd6 18. O-O-O d5 19. Bd3 Qxe3
20. Bxe3 dxc4 21. Bxc4 Bxc4 22. bxc4 Ba3+ 23. Kc2 O-O 24. Rd3 Be7 25. Rb1
Rfe8 26. Rb7 Bf6 27. Bxa7 Re4 28. Rd6 Rxc4+ 29. Kd3 Rc3+ 30. Kd2 Ra3 31.
Rxf6 Rxa2+ 32. Ke3 R2xa7 33. Rxa7 Rxa7 34. Rxc6 Ra4 35. Kf3 Ra3+ 36. Kf2
Ra2+ 37. Kg3 Ra3+ 38. Kh4 Ra2 39. Rc8+ Kg7 40. Rc7+ Kh6 41. Kh3 Ra3+ 42. g3
Ra2 43. Rb7 Rc2 1/2-1/2

[Event "13th S&WYM"]
[Site "Millfield School ENG"]
[Date "2003.07.17"]
[Round "9"]
[White "Pinter,G"]
[Black "Nixon,T"]
[Result "0-1"]
[WhiteElo "2376"]
[BlackElo "2226"]
[EventDate "2003.07.09"]

1. e4 e5 2. Nf3 Nc6 3. d4 exd4 4. Nxd4 Nf6 5. Nxc6 bxc6 6. Nd2 Bc5 7. Bd3
d6 8. a4 Ng4 9. O-O Qh4 10. Nf3 Nxf2 0-1